| 000 | 00801nam a2200277 4500 | ||
|---|---|---|---|
| 001 | 26868 | ||
| 003 | BD-RjUL | ||
| 005 | 20211209051058.0 | ||
| 008 | 140323s1970 enka 000 0 eng | ||
| 020 | _a0370013425 | ||
| 035 | _a(BD-RjUL)26939 | ||
| 040 |
_aDLC _cDLC _dBD-RjUL _beng |
||
| 041 | _aeng | ||
| 082 | 0 | 0 |
_a747.797 _bGIK 1970 |
| 100 | 1 |
_aGilliatt, Mary. _982569 |
|
| 245 | 1 | 0 |
_aKitchens and dining rooms / _cphotographs by Brian Morris [and others] |
| 260 |
_aLondon : _bBodley Head, _c1970. |
||
| 300 |
_a120 p. : _billus. (some col.). ; _c24 x 25 cm. |
||
| 650 | 0 |
_aKitchens. _982570 |
|
| 650 | 0 |
_aDining rooms. _982571 |
|
| 650 | 0 |
_aInterior decoration. _982572 |
|
| 700 | 1 |
_aMorris, Brian, _eillus. _982573 |
|
| 942 |
_2ddc _cBK |
||
| 999 |
_c26868 _d26868 |
||